[Event "Pula op 36th"]
[Site "Pula"]
[Date "2024.06.16"]
[Round "1"]
[White "Tomcani, Jan"]
[Black "Malesevic, Nedeljko"]
[Result "0-1"]
[WhiteElo "1882"]
[BlackElo "2260"]
[PlyCount "124"]
[EventDate "2024.06.16"]
[EventType "swiss"]
[EventRounds "9"]
[EventCountry "CRO"]
[SourceTitle "CBM 220 Extra"]
[Source "ChessBase"]
[SourceDate "2024.07.31"]
[SourceVersion "1"]
[SourceVersionDate "2024.07.31"]
[SourceQuality "1"]

1. e4 c6 2. d4 d5 3. Nc3 dxe4 4. Nxe4 Nd7 5. Bc4 Ngf6 6. Ng5 e6 7. Qe2 Nb6 8. Bb3 h6 9. N5f3 c5 10. Bf4 Bd6 11. Bxd6 Qxd6 12. 0-0-0 0-0 13. Qe5 Qxe5 14. Nxe5 Ne4 15. Nh3 f6 16. Ng6 c4 17. Bxc4 Nxc4 18. Nxf8 Kxf8 19. b3 Ncd6 20. Kb2 Nb5 21. c4 Nc7 22. Rhe1 Nd6 23. Nf4 g5 24. Nd3 Nf5 25. Nc5 Nd6 26. Ne4 Nxe4 27. Rxe4 Bd7 28. d5 exd5 29. cxd5 Re8 30. Rxe8+ Nxe8 31. Re1 Nc7 32. d6 Ne6 33. Kc3 Kf7 34. g3 Bc6 35. f4 gxf4 36. gxf4 f5 37. Kc4 Be4 38. Rd1 Ke8 39. Rg1 Kd7 40. Rg6 h5 41. Rh6 Kxd6 42. Rxh5 Nxf4 43. Rh8 Ke5 44. Re8+ Ne6 45. Kc3 f4 46. Kd2 Bc6 47. Re7 Kf6 48. Rh7 Ng5 49. Rh8 Kg7 50. Rh5 Kg6 51. Rh8 Nf3+ 52. Ke2 Kg5 53. Kf2 Ne5 54. Rg8+ Kf5 55. h4 Ng4+ 56. Kf1 f3 57. Rf8+ Kg6 58. a4 Be4 59. Rf4 Bd3+ 60. Kg1 f2+ 61. Kg2 f1Q+ 62. Rxf1 Ne3+ 0-1

[Event "SVK-chT2A 2324"]
[Site "Slovakia"]
[Date "2024.01.14"]
[Round "7.7"]
[White "Tomcani, Jan"]
[Black "Gettler, Daniel"]
[Result "1/2-1/2"]
[WhiteElo "1746"]
[BlackElo "1915"]
[PlyCount "91"]
[EventDate "2023.10.07"]
[EventType "team-tourn"]
[EventRounds "11"]
[EventCountry "SVK"]
[SourceTitle "EXT 2025"]
[Source "ChessBase"]
[SourceDate "2024.10.14"]
[SourceVersion "1"]
[SourceVersionDate "2024.10.14"]
[SourceQuality "1"]
[WhiteTeam "Bratislava Doprastav III"]
[BlackTeam "Krasnany"]
[WhiteTeamCountry "SVK"]
[BlackTeamCountry "SVK"]

1. e4 d6 2. Nc3 Nf6 3. Bc4 g6 4. f4 c6 5. Nf3 Bg7 6. d3 0-0 7. 0-0 Bg4 8. Qe1 Bxf3 9. Rxf3 e5 10. f5 d5 11. Bb3 Qd6 12. Qh4 Nbd7 13. a3 Nc5 14. Ba2 dxe4 15. dxe4 Ncxe4 16. Rd3 Qc5+ 17. Be3 g5 18. Bxc5 gxh4 19. Bxf8 Rxf8 20. Nxe4 Nxe4 21. Rd7 Nc5 22. Rc7 e4 23. Rb1 Be5 24. b4 Bxc7 25. bxc5 b6 26. cxb6 Bxb6+ 27. Kf1 Rd8 28. Ke2 Kg7 29. Rd1 Rd4 30. Rxd4 Bxd4 31. h3 Kf6 32. a4 h6 33. Bc4 Ke7 34. Bb3 f6 35. Be6 Kd6 36. a5 Ke5 37. a6 c5 38. Bd7 c4 39. Be6 Kf4 40. Bxc4 Kxf5 41. Bd5 Kf4 42. Bc6 Bc3 43. Bd5 f5 44. Be6 Bd4 45. Bd7 Kg3 46. Be6 1/2-1/2

[Event "Bratislava exe op"]
[Site "Bratislava"]
[Date "2023.09.23"]
[Round "9"]
[White "Tomcani, Jan"]
[Black "Benci, Jozef1"]
[Result "0-1"]
[WhiteElo "1672"]
[BlackElo "1883"]
[PlyCount "74"]
[EventDate "2023.09.15"]
[EventType "swiss"]
[EventRounds "9"]
[EventCountry "SVK"]
[SourceTitle "CBM 216 Extra"]
[Source "ChessBase"]
[SourceDate "2023.11.30"]
[SourceVersion "1"]
[SourceVersionDate "2023.11.30"]
[SourceQuality "1"]

1. e4 c5 2. c3 d5 3. exd5 Qxd5 4. Nf3 Bg4 5. Be2 Nf6 6. 0-0 e6 7. Na3 Nc6 8. d4 cxd4 9. Nb5 Rc8 10. Nbxd4 Nxd4 11. Nxd4 Bxe2 12. Qxe2 Bc5 13. Be3 0-0 14. Rad1 Qxa2 15. Ra1 Qd5 16. Rfd1 Qe4 17. Qd3 Nd5 18. Kf1 h6 19. Ke2 Qxd3+ 20. Rxd3 a6 21. Nc2 Bxe3 22. fxe3 Rc6 23. Rad1 Rb6 24. Nb4 Nxb4 25. cxb4 Rxb4 26. Rd7 Rxb2+ 27. Kf3 a5 28. Rc7 a4 29. Rdd7 b5 30. Ra7 Rb3 31. Rdb7 a3 32. h4 b4 33. Ra4 Rc8 34. Raa7 Rb2 35. Kg3 Rcc2 36. Kf3 a2 37. Ke4 Rf2 0-1

[Event "Bratislava exe op"]
[Site "Bratislava"]
[Date "2023.09.22"]
[Round "8"]
[White "Havalda, Samuel"]
[Black "Tomcani, Jan"]
[Result "1/2-1/2"]
[WhiteElo "1841"]
[BlackElo "1672"]
[PlyCount "101"]
[EventDate "2023.09.15"]
[EventType "swiss"]
[EventRounds "9"]
[EventCountry "SVK"]
[SourceTitle "CBM 216 Extra"]
[Source "ChessBase"]
[SourceDate "2023.11.30"]
[SourceVersion "1"]
[SourceVersionDate "2023.11.30"]
[SourceQuality "1"]

1. e4 c5 2. Nf3 Nc6 3. d4 cxd4 4. Nxd4 g6 5. Be3 Bg7 6. Be2 Nf6 7. Nc3 0-0 8. Qd2 d5 9. exd5 Nxd5 10. Nxd5 Nxd4 11. Bxd4 Qxd5 12. Bxg7 Qxd2+ 13. Kxd2 Kxg7 14. Bf3 Be6 15. b3 Rad8+ 16. Ke3 b6 17. c4 Kf6 18. Rhd1 Ke5 19. Rxd8 Rxd8 20. Rd1 Rxd1 21. Bxd1 g5 22. g3 Bf5 23. b4 Kd6 24. a3 e5 25. Kd2 h6 26. Kc3 f6 27. Ba4 Be6 28. Bc2 Bf7 29. g4 h5 30. h3 hxg4 31. hxg4 Be8 32. Be4 Bd7 33. f3 Ba4 34. Kd2 Bd7 35. Kc2 Be8 36. Kb3 Bd7 37. a4 Be8 38. a5 Bd7 39. axb6 axb6 40. Bg6 Bc6 41. Be4 Bd7 42. Kc3 Be6 43. Kd3 Bf7 44. Bb7 Bg6+ 45. Ke3 Bf7 46. Ba6 Be8 47. Bc8 Bc6 48. Ba6 Be8 49. Bb7 Bf7 50. Kd3 Bg6+ 51. Be4 1/2-1/2

[Event "Bratislava exe op"]
[Site "Bratislava"]
[Date "2023.09.17"]
[Round "3"]
[White "Tomcani, Jan"]
[Black "Kadela, Fedor"]
[Result "1/2-1/2"]
[WhiteElo "1672"]
[BlackElo "1398"]
[PlyCount "85"]
[EventDate "2023.09.15"]
[EventType "swiss"]
[EventRounds "9"]
[EventCountry "SVK"]
[SourceTitle "CBM 216 Extra"]
[Source "ChessBase"]
[SourceDate "2023.11.30"]
[SourceVersion "1"]
[SourceVersionDate "2023.11.30"]
[SourceQuality "1"]

1. e4 c6 2. d4 d5 3. exd5 cxd5 4. Bd3 Nc6 5. c3 Nf6 6. Bf4 g6 7. Nf3 Bg7 8. h3 0-0 9. 0-0 Bf5 10. Bxf5 gxf5 11. Ne5 Nxe5 12. Bxe5 Ne4 13. Bf4 Re8 14. f3 Nf6 15. Nd2 Qb6 16. Qb3 Qxb3 17. axb3 e6 18. b4 b6 19. Ra6 Re7 20. Rfa1 Rb7 21. Kf2 Nd7 22. Nf1 Nf8 23. g4 Ng6 24. Kg3 fxg4 25. hxg4 Nxf4 26. Kxf4 f6 27. Ke3 e5 28. Ng3 Kf7 29. Nf5 Bf8 30. Kd3 Ke6 31. Ne3 Bh6 32. b3 Bxe3 33. Kxe3 f5 34. dxe5 Kxe5 35. gxf5 Kxf5 36. Kd4 Kf4 37. Kxd5 Rd8+ 38. Kc6 Rdd7 39. Rf1 Rbc7+ 40. Kb5 Rxc3 41. Ra2 Rxb3 42. Rh2 Rxf3 43. Rfh1 1/2-1/2

[Event "SVK-ch Amateurs"]
[Site "Radava"]
[Date "2022.11.15"]
[Round "4"]
[White "Miciak, Emanuel"]
[Black "Tomcani, Jan"]
[Result "1/2-1/2"]
[WhiteElo "1703"]
[BlackElo "1538"]
[PlyCount "91"]
[EventDate "2022.11.14"]
[EventType "swiss"]
[EventRounds "8"]
[EventCountry "SVK"]
[SourceTitle "CBM 211 Extra"]
[Source "ChessBase"]
[SourceDate "2023.01.31"]
[SourceVersion "1"]
[SourceVersionDate "2023.01.31"]
[SourceQuality "1"]

1. d4 Nf6 2. Nf3 g6 3. c4 c5 4. d5 b5 5. cxb5 a6 6. b6 d6 7. Nc3 Qxb6 8. e4 Nbd7 9. Bd3 Bg7 10. 0-0 0-0 11. h3 a5 12. Na4 Qc7 13. Qe2 Nb6 14. Nc3 Nfd7 15. Nb5 Qb8 16. a4 Ba6 17. Ra2 Qc8 18. b3 Ne5 19. Nxe5 Bxe5 20. Rc2 Qd7 21. Bd2 Bxb5 22. Bxb5 Qd8 23. Bc6 Ra7 24. Qb5 Nd7 25. Rb1 Nf6 26. Bh6 Nxe4 27. Bxf8 Kxf8 28. Re1 Nf6 29. Kh1 Kg7 30. Rce2 Bc3 31. Rd1 Be5 32. Qc4 g5 33. h4 h6 34. g3 Bd4 35. Kg2 Qc8 36. hxg5 hxg5 37. Rh1 Qf5 38. Qc2 Qxc2 39. Rxc2 e5 40. dxe6 fxe6 41. Re2 e5 42. Rf1 Rc7 43. Bb5 Rf7 44. f3 Rf8 45. Bd3 Rh8 46. Rh1 1/2-1/2

[Event "SVK-ch Amateurs"]
[Site "Radava"]
[Date "2022.11.15"]
[Round "3"]
[White "Tomcani, Jan"]
[Black "Visvader, Kristof"]
[Result "1-0"]
[WhiteElo "1538"]
[BlackElo "1504"]
[PlyCount "107"]
[EventDate "2022.11.14"]
[EventType "swiss"]
[EventRounds "8"]
[EventCountry "SVK"]
[SourceTitle "CBM 211 Extra"]
[Source "ChessBase"]
[SourceDate "2023.01.31"]
[SourceVersion "1"]
[SourceVersionDate "2023.01.31"]
[SourceQuality "1"]

1. e4 c6 2. d4 d5 3. exd5 cxd5 4. Bd3 Nc6 5. c3 Nf6 6. Bg5 Bg4 7. Qb3 Qd7 8. Nd2 e6 9. Ngf3 Be7 10. Ne5 Qc7 11. Bxf6 gxf6 12. Nxg4 f5 13. Ne3 f4 14. Nc2 a6 15. Nf3 Na5 16. Qa4+ b5 17. Bxb5+ axb5 18. Qxb5+ Kf8 19. Ne5 Bd6 20. 0-0 Bxe5 21. dxe5 Rb8 22. Qd3 Rxb2 23. Na3 Qxe5 24. c4 dxc4 25. Nxc4 Nxc4 26. Qxc4 Rg8 27. Qd3 Qg5 28. g3 fxg3 29. hxg3 Qd2 30. Qxd2 Rxd2 31. a4 Ke7 32. a5 Ra8 33. Rfb1 Rd5 34. Rb7+ Rd7 35. Rb5 Rda7 36. Rh5 Kf6 37. f4 Ra6 38. Kg2 Kg6 39. Rb5 h6 40. Kf3 f5 41. Ke3 Kh5 42. Kf2 Kg6 43. Re5 Kh5 44. Kf3 Kg6 45. Ke3 Rd8 46. Rb5 Kf6 47. Rb6 Rxb6 48. axb6 e5 49. fxe5+ Kxe5 50. b7 Rb8 51. Rb1 h5 52. Rb5+ Kf6 53. Kf4 Kg6 54. Rb6+ 1-0

[Event "Piestany Slovakia op-B"]
[Site "Piestany"]
[Date "2022.07.18"]
[Round "9"]
[White "Goncharenko, Anna"]
[Black "Tomcani, Jan"]
[Result "1/2-1/2"]
[WhiteElo "1000"]
[BlackElo "1481"]
[PlyCount "41"]
[EventDate "2022.07.11"]
[EventType "swiss"]
[EventRounds "9"]
[EventCountry "SVK"]
[SourceTitle "CBM 209 Extra"]
[Source "ChessBase"]
[SourceDate "2022.09.30"]
[SourceVersion "1"]
[SourceVersionDate "2022.09.30"]
[SourceQuality "1"]

1. e4 c6 2. d4 d5 3. Nc3 dxe4 4. Nxe4 Nf6 5. Ng3 Bg4 6. Be2 Bxe2 7. N1xe2 e6 8. Be3 Nd5 9. Bd2 c5 10. dxc5 Bxc5 11. Ne4 Be7 12. Nd4 Nf6 13. Nxf6+ Bxf6 14. Bc3 Nc6 15. Ne2 Bxc3+ 16. Nxc3 Nb4 17. Qe2 0-0 18. 0-0 Qb6 19. Ne4 Rfd8 20. c3 Nd5 21. Rad1 1/2-1/2

[Event "Piestany Augustus Cup"]
[Site "Piestany"]
[Date "2022.07.15"]
[Round "6"]
[White "Tomcani, Jan"]
[Black "Daniska, Jozef"]
[Result "1-0"]
[WhiteElo "1234"]
[BlackElo "1246"]
[PlyCount "21"]
[EventDate "2022.07.15"]
[EventType "swiss (rapid)"]
[EventRounds "7"]
[EventCountry "SVK"]
[SourceTitle "CBM 209 Extra"]
[Source "ChessBase"]
[SourceDate "2022.09.30"]
[SourceVersion "1"]
[SourceVersionDate "2022.09.30"]
[SourceQuality "1"]

1. d4 d5 2. Nc3 Nf6 3. Bf4 Nc6 4. Nb5 e5 5. dxe5 Ne4 6. Qxd5 Qxd5 7. Nxc7+ Kd7 8. Nxd5 Bc5 9. e3 b6 10. 0-0-0 Ke6 11. Nc7+ 1-0

[Event "Piestany Slovakia op-B"]
[Site "Piestany"]
[Date "2022.07.15"]
[Round "6"]
[White "Tomcani, Jan"]
[Black "Durik, Martin"]
[Result "0-1"]
[WhiteElo "1481"]
[BlackElo "1308"]
[PlyCount "116"]
[EventDate "2022.07.11"]
[EventType "swiss"]
[EventRounds "9"]
[EventCountry "SVK"]
[SourceTitle "CBM 209 Extra"]
[Source "ChessBase"]
[SourceDate "2022.09.30"]
[SourceVersion "1"]
[SourceVersionDate "2022.09.30"]
[SourceQuality "1"]

1. d4 e6 2. Nc3 Nf6 3. Bf4 Bb4 4. e3 d5 5. a3 Bxc3+ 6. bxc3 Ne4 7. c4 c6 8. Ne2 Qa5+ 9. c3 dxc4 10. f3 Nf6 11. a4 0-0 12. e4 Rd8 13. h4 c5 14. Bd2 Nc6 15. g4 b6 16. h5 Ne8 17. Qc1 Qa6 18. Be3 Qa5 19. Bd2 Bb7 20. Kf2 Rd7 21. g5 Rad8 22. Ra2 f6 23. Bh3 Re7 24. gxf6 Nxf6 25. Bg5 Rf8 26. Bxf6 Rxf6 27. Rg1 cxd4 28. cxd4 Nb4 29. Qxc4 Nxa2 30. Qxa2 Bxe4 31. Rg3 Bd5 32. Qa3 Ref7 33. Bg4 Qd2 34. Qc3 Qxc3 35. Nxc3 Bc4 36. Ke3 Re7 37. Ke4 Kf7 38. Ke5 Rd7 39. Rg1 Bd3 40. Rd1 Bf5 41. d5 Bxg4 42. fxg4 exd5 43. Rxd5 Re7+ 44. Kd4 Rf4+ 45. Kd3 Rxg4 46. Rf5+ Ke6 47. Rb5 Rd7+ 48. Kc2 Rc7 49. Kd2 Rg2+ 50. Ne2 Rc5 51. Kd3 Rxb5 52. axb5 Rg5 53. Kc4 Rg4+ 54. Kc3 Kd5 55. Kb3 Kc5 56. Nc3 Rb4+ 57. Kc2 Rxb5 58. Nxb5 Kxb5 0-1

[Event "Piestany Slovakia op-B"]
[Site "Piestany"]
[Date "2022.07.13"]
[Round "3"]
[White "Kruzliak, Damian"]
[Black "Tomcani, Jan"]
[Result "1/2-1/2"]
[WhiteElo "1000"]
[BlackElo "1481"]
[PlyCount "101"]
[EventDate "2022.07.11"]
[EventType "swiss"]
[EventRounds "9"]
[EventCountry "SVK"]
[SourceTitle "CBM 209 Extra"]
[Source "ChessBase"]
[SourceDate "2022.09.30"]
[SourceVersion "1"]
[SourceVersionDate "2022.09.30"]
[SourceQuality "1"]

1. e4 g6 2. d4 Bg7 3. Be3 d6 4. Nc3 a6 5. a4 b6 6. Nf3 Bb7 7. Bd3 e5 8. 0-0 Ne7 9. dxe5 dxe5 10. Nd2 0-0 11. Bc4 Kh8 12. Qe2 Nd7 13. Rad1 Qe8 14. f4 exf4 15. Bxf4 Ne5 16. Bb3 N7c6 17. Nc4 Kg8 18. Nxe5 Bxe5 19. Bh6 Bg7 20. Nd5 Qe5 21. Bf4 Qxb2 22. Bxc7 Nd4 23. Qd3 Nxb3 24. Qxb3 Qxb3 25. cxb3 b5 26. Nb6 Ra7 27. e5 Bxg2 28. Bd6 Bxf1 29. Bxf8 Bxf8 30. Kxf1 bxa4 31. bxa4 Kg7 32. Rd7 Rxd7 33. Nxd7 Bb4 34. Ke2 g5 35. Kf3 Kg6 36. Ke4 h5 37. h3 Be7 38. Nb8 a5 39. Nc6 Bb4 40. Nd4 Bc3 41. Nf5 Bb4 42. Nd4 Bc5 43. Nc6 Bb6 44. Ne7+ Kg7 45. Kf5 Be3 46. Nd5 Bd2 47. Nf6 Kh6 48. Ng8+ Kg7 49. Nf6 Kh6 50. Ng8+ Kg7 51. Nf6 1/2-1/2